| Tag |
First Indicator |
Second Indicator |
Subfields |
| LEADER |
00000cas a2200000 a 4500 |
| 001 |
in00000577754 |
| 005 |
20151014080012.0 |
| 008 |
780526d19491958fr qr p 0 b0fre |
| 010 |
|
|
|a 59018787
|
| 022 |
|
|
|a 0368-4296
|
| 030 |
|
|
|a JSMEAR
|
| 035 |
|
|
|a (OCoLC)03929294
|
| 035 |
|
|
|9 ACP8306AM
|
| 040 |
|
|
|a DLC
|c OLA
|d OLA
|d DLC
|d TXA
|d UtOrBLW
|
| 049 |
|
|
|a TXAE
|
| 050 |
0 |
0 |
|a QC851
|b .J6
|
| 222 |
|
0 |
|a Journal scientifique de la météorologie
|
| 245 |
0 |
0 |
|a Journal scientifique de la météorologie.
|
| 264 |
|
1 |
|a Paris :
|b Société météorologique de France,
|c 1949-1958.
|
| 300 |
|
|
|a 10 volumes :
|b illustrations ;
|c 28 cm.
|
| 310 |
|
|
|a Quarterly
|
| 336 |
|
|
|a text
|b txt
|2 rdacontent
|
| 337 |
|
|
|a unmediated
|b n
|2 rdamedia
|
| 338 |
|
|
|a volume
|b nc
|2 rdacarrier
|
| 362 |
0 |
|
|a 1re Année, no. 1 (janv./mars 1949)-10e Année, no. 40 (oct./deć. 1958).
|
| 650 |
|
0 |
|a Meteorology
|v Periodicals.
|
| 710 |
2 |
|
|a Société météorologique de France.
|
| 785 |
0 |
0 |
|t Journal de mécanique et de physique de l'atmosphére
|x 0021-7840
|w (DLC) 90641676
|w (OCLC)3929253
|
| 948 |
|
|
|a t1
|
| 999 |
|
|
|a MARS
|
| 999 |
f |
f |
|s 2e459422-ed96-3018-800c-059dd7056f21
|i 1658115b-66f1-376c-b0e8-8503a1954789
|t 0
|
| 952 |
f |
f |
|a Texas A&M University
|b Rellis Campus
|c Joint Library Facility
|d Remote Storage
|e QC851 .J6
|h Library of Congress classification
|i unmediated -- volume
|k 5.annee -6.annee
|l 1953-1954
|m A14818683607
|p ric
|s JLF
|t 0
|
| 952 |
f |
f |
|a Texas A&M University
|b Rellis Campus
|c Joint Library Facility
|d Remote Storage
|e QC851 .J6
|h Library of Congress classification
|i unmediated -- volume
|k 1.annee -2.annee
|l 1949-1950
|m A14818683500
|p ric
|s JLF
|t 0
|
| 952 |
f |
f |
|a Texas A&M University
|b Rellis Campus
|c Joint Library Facility
|d Remote Storage
|e QC851 .J6
|h Library of Congress classification
|i unmediated -- volume
|k 3.annee -4.annee
|l 1951-1952
|m A14818683550
|p ric
|s JLF
|t 0
|
| 952 |
f |
f |
|a Texas A&M University
|b Rellis Campus
|c Joint Library Facility
|d Remote Storage
|e QC851 .J6
|h Library of Congress classification
|i unmediated -- volume
|k Index:1/10
|l 1949-1958
|m A14852803122
|p ric
|s JLF
|t 0
|
| 952 |
f |
f |
|a Texas A&M University
|b Rellis Campus
|c Joint Library Facility
|d Remote Storage
|e QC851 .J6
|h Library of Congress classification
|i unmediated -- volume
|k 7.annee -8.annee
|l 1955-1956
|m A14818683657
|p ric
|s JLF
|t 0
|
| 952 |
f |
f |
|a Texas A&M University
|b Rellis Campus
|c Joint Library Facility
|d Remote Storage
|e QC851 .J6
|h Library of Congress classification
|i unmediated -- volume
|k 9.annee -10.annee
|l 1957-1958
|m A14818683704
|p ric
|s JLF
|t 0
|